000 00267nam a2200109Ia 4500
001 1276025
005 20260417160439.0
008 260417s9999 xx 000 0 und d
020 _a9786256309609
245 0 _aPullar Savaşı
_cÜlkü Tamer
260 _bKetebe Çocuk
999 _c1276025
_d1276025